000 01039cab a2200373 4500
001 ABS60459
008 090401t1999 xxu||||| |||| 00| 0 eng d
035 _a(Sirsi) u92965
041 _aeng
245 _aRegional survey: Sussex
260 _c1999
350 _a0
490 _aProperty Week
_v64 (15) 16 April 1999, 39-66(9)
650 _aBRIGHTON
650 _aBROWNFIELD DEVELOPMENT
650 _aCOMMUTERS
650 _aCRAWLEY
650 _aDEPRIVATION
650 _aDEVELOPMENT
650 _aDORMITORY TOWNS
650 _aEAST SUSSEX
650 _aGATWICK
650 _aHAYWARDS HEATH
650 _aHOVE
650 _aINDUSTRIAL MARKET
650 _aPROPERTY-COMMERCIAL PROPERTY-OFFICE PROPERTY-OFFICE PROPERTY MARKET
650 _aPROPERTY-COMMERCIAL PROPERTY-RETAIL PROPERTY-RETAIL PROPERTY MARKET
650 _aSUPERMARKETS
650 _aSUSSEX
650 _aTOWN CENTRE DEVELOPMENT
690 _aPROPERTY-COMMERCIAL PROPERTY-COMMERCIAL PROPERTY MARKET
942 _n0
948 _c26/04/1999
999 _c58920
_d58920